[Event "Transnational Crown"]
[Site "Montreal CAN"]
[Date "2023.06.06"]
[Round "1.18"]
[White "Roussel-Roozmon, Thomas"]
[Black "Hernandez Moya, Yuleisy"]
[Result "1-0"]
[WhiteElo "2462"]
[BlackElo "2202"]
[PlyCount "91"]
[EventDate "2023.06.06"]
[EventType "swiss"]
[EventRounds "9"]
[EventCountry "CAN"]

1. Nf3 Nf6 2. g3 e6 3. Bg2 d5 4. O-O Be7 5. c4 O-O 6. d4 c5 7. cxd5 Nxd5 8.
dxc5 Bxc5 9. a3 a5 10. Qc2 Be7 11. e4 Qc7 12. Qe2 Nf6 13. Bf4 Qb6 14. Nc3 Bd7
15. Rfd1 Bc6 16. Nd4 Nbd7 17. e5 Bxg2 18. Kxg2 Ne8 19. Na4 Qa6 20. Qxa6 Rxa6
21. Nb5 Nb6 22. Nxb6 Rxb6 23. a4 f6 24. Rac1 fxe5 25. Be3 Rc6 26. Rxc6 bxc6 27.
Na7 Nf6 28. Nxc6 Bb4 29. Nxe5 Nd5 30. Bd2 Bxd2 31. Rxd2 Rc8 32. b3 Kf8 33. Nc4
Rc5 34. f4 Ke7 35. Kf3 g6 36. Re2 Nc3 37. Re5 Nd5 38. Ke4 Rc8 39. Kd4 Nb4 40.
Kc3 Nd5+ 41. Kb2 Rc5 42. h4 Kf6 43. Nb6 Kf7 44. Ka3 h6 45. Kb2 Nxf4 46. gxf4
1-0

[Event "Transnational Crown"]
[Site "Montreal CAN"]
[Date "2023.06.07"]
[Round "2.4"]
[White "Bosiocic, Marin"]
[Black "Roussel-Roozmon, Thomas"]
[Result "0-1"]
[WhiteElo "2543"]
[BlackElo "2462"]
[PlyCount "140"]
[EventDate "2023.06.06"]
[EventType "swiss"]
[EventRounds "9"]
[EventCountry "CAN"]

1. e4 e5 2. Nf3 Nc6 3. Bb5 Nf6 4. d3 Bc5 5. c3 d5 6. exd5 Qxd5 7. Bc4 Qd6 8. b4
Bb6 9. Nbd2 Bf5 10. Qe2 O-O 11. O-O Rfd8 12. Ne4 Nxe4 13. dxe4 Be6 14. a4 a6
15. Ba3 Bxc4 16. Qxc4 Qd3 17. Qa2 h6 18. a5 Ba7 19. Qb1 Qxc3 20. Rc1 Qd3 21.
Qxd3 Rxd3 22. Bb2 Rb3 23. Bc3 f6 24. Kf1 Rd8 25. Ke2 Bd4 26. Nxd4 Nxd4+ 27. Kf1
Nb5 28. Be1 Rb2 29. Rd1 Rd4 30. f3 Kf7 31. Rab1 Rxb1 32. Rxb1 h5 33. Ke2 Ke6
34. Rd1 Rxd1 35. Kxd1 Kd6 36. Kc2 b6 37. Kd3 bxa5 38. bxa5 Kc5 39. g4 hxg4 40.
fxg4 Nd6 41. h4 Nf7 42. Bc3 Kb5 43. Bd2 c5 44. Bc3 c4+ 45. Kc2 Kc5 46. Bb2 Kb4
47. Bc3+ Kb5 48. Bb2 Kxa5 49. Ba3 Nd8 50. Bd6 Ne6 51. h5 Kb5 52. g5 fxg5 53.
Bxe5 Nf4 54. Bxg7 Nxh5 55. Bh6 g4 56. Kd2 a5 57. Ke3 a4 58. Bf8 g3 59. Kf3 c3
60. e5 c2 61. Ba3 Kc6 62. e6 Kc7 63. Kg2 c1=Q 64. Bxc1 Kd6 65. Kf3 Kxe6 66. Ke2
Kd5 67. Kd3 Kc5 68. Ba3+ Kb5 69. Bd6 g2 70. Bh2 Nf4+ 0-1

[Event "Transnational Crown"]
[Site "Montreal CAN"]
[Date "2023.06.08"]
[Round "3.2"]
[White "Roussel-Roozmon, Thomas"]
[Black "Moradiabadi, Elshan"]
[Result "1/2-1/2"]
[WhiteElo "2462"]
[BlackElo "2520"]
[PlyCount "52"]
[EventDate "2023.06.06"]
[EventType "swiss"]
[EventRounds "9"]
[EventCountry "CAN"]

1. d4 Nf6 2. c4 e6 3. Nc3 Bb4 4. e3 O-O 5. Bd2 b6 6. Nf3 Bb7 7. Bd3 Bxc3 8.
Bxc3 Ne4 9. Rc1 d6 10. O-O Nxc3 11. Rxc3 Nd7 12. Nd2 f5 13. f4 Qf6 14. Qe1 c5
15. Qf2 g6 16. Be2 e5 17. dxe5 dxe5 18. Bf3 e4 19. Be2 Rad8 20. Rc2 Nb8 21. Nb1
Nc6 22. a3 Nd4 23. Rd2 Nb3 24. Rxd8 Rxd8 25. Rd1 Ba6 26. Qe1 Rxd1 1/2-1/2

[Event "Transnational Crown"]
[Site "Montreal CAN"]
[Date "2023.06.09"]
[Round "4.4"]
[White "Roussel-Roozmon, Thomas"]
[Black "Almeida Quintana, Omar"]
[Result "1/2-1/2"]
[WhiteElo "2462"]
[BlackElo "2520"]
[PlyCount "44"]
[EventDate "2023.06.06"]
[EventType "swiss"]
[EventRounds "9"]
[EventCountry "CAN"]

1. d4 d6 2. Nf3 g6 3. c4 Bg7 4. Nc3 Bg4 5. e3 c5 6. Be2 Nc6 7. O-O Nf6 8. d5
Na5 9. Bd2 a6 10. b3 Rb8 11. Qc2 O-O 12. h3 Bxf3 13. Bxf3 b5 14. Be2 b4 15. Na4
e6 16. e4 Re8 17. Bf3 exd5 18. exd5 Nd7 19. Rae1 Nb7 20. Rxe8+ Qxe8 21. Re1 Qf8
22. g3 Re8 1/2-1/2

[Event "Transnational Crown"]
[Site "Montreal CAN"]
[Date "2023.06.09"]
[Round "5.2"]
[White "Matviishen, Viktor"]
[Black "Roussel-Roozmon, Thomas"]
[Result "1/2-1/2"]
[WhiteElo "2538"]
[BlackElo "2462"]
[PlyCount "80"]
[EventDate "2023.06.06"]
[EventType "swiss"]
[EventRounds "9"]
[EventCountry "CAN"]

1. d4 Nf6 2. c4 e6 3. Nc3 d5 4. cxd5 exd5 5. Bg5 c6 6. e3 Bf5 7. Qf3 Bg6 8.
Bxf6 Qxf6 9. Qxf6 gxf6 10. Nge2 Nd7 11. h4 h6 12. Nf4 Nb6 13. Nxg6 fxg6 14. Bd3
Kf7 15. h5 g5 16. O-O Rd8 17. Rab1 a5 18. a3 Bd6 19. b4 axb4 20. axb4 Nc8 21.
Na4 b5 22. Nc5 Bxc5 23. dxc5 Ne7 24. Ra1 Ra8 25. g4 Ke6 26. f4 Rhg8 27. Bh7 Rh8
28. Bg6 Rxa1 29. Rxa1 f5 30. gxf5+ Nxf5 31. Ra6 Ne7 32. fxg5 hxg5 33. Kg2 Ke5
34. Kg3 d4 35. exd4+ Kxd4 36. Ra7 Nxg6 37. hxg6 Rg8 38. Rd7+ Kc4 39. Rd6 Kxb4
40. Rxc6 Kc4 1/2-1/2

[Event "Transnational Crown"]
[Site "Montreal CAN"]
[Date "2023.06.10"]
[Round "6.5"]
[White "Roussel-Roozmon, Thomas"]
[Black "Kantans, Toms"]
[Result "0-1"]
[WhiteElo "2462"]
[BlackElo "2486"]
[PlyCount "184"]
[EventDate "2023.06.06"]
[EventType "swiss"]
[EventRounds "9"]
[EventCountry "CAN"]

1. d4 Nf6 2. c4 e6 3. Nf3 b6 4. g3 Bb7 5. Bg2 Bb4+ 6. Bd2 a5 7. O-O O-O 8. Bf4
Be7 9. Nc3 d5 10. cxd5 exd5 11. Rc1 Na6 12. Ne5 Re8 13. Qa4 h6 14. Bh3 Bd6 15.
Nc6 Bxc6 16. Qxc6 Nb4 17. Qa4 Bxf4 18. gxf4 Nh5 19. e3 Nd3 20. Qd1 Nxc1 21.
Qxh5 Nd3 22. Qxd5 c5 23. dxc5 Nxc5 24. Bg2 Rc8 25. Qxd8 Rexd8 26. Nd5 Kf8 27.
Nxb6 Rb8 28. Nc4 a4 29. b3 axb3 30. axb3 Rxb3 31. Ne5 Rb2 32. h4 Nb3 33. Kh2
Rc2 34. Kg3 Nc1 35. Bf3 Rd6 36. Rd1 Rxd1 37. Bxd1 Rd2 38. Bf3 Nb3 39. Bh5 g6
40. Bf3 Nc5 41. Bc6 Kg7 42. f3 Re2 43. Nc4 Nd3 44. Bb5 Ne1 45. Bc6 Rg2+ 46. Kh3
Rc2 47. Bd5 Nxf3 48. Kg3 Ne1 49. Ne5 Rc5 50. Be4 f5 51. Bc6 Rc3 52. Kf2 Nc2 53.
Be8 Rxe3 54. Ba4 Rc3 55. Be8 Rc5 56. Nxg6 Nd4 57. h5 Ne6 58. Ba4 Kf6 59. Bb3
Ng7 60. Bd1 Ra5 61. Kg3 Ra3+ 62. Kg2 Ne6 63. Bf3 Nd4 64. Bd5 Ra5 65. Bc4 Ra4
66. Bd5 Ne2 67. Kf3 Nc3 68. Bg8 Ra3 69. Kg2 Ne4 70. Bd5 Rg3+ 71. Kh2 Rd3 72.
Bb7 Nc5 73. Bc6 Ne6 74. Kg2 Nd4 75. Bb7 Rb3 76. Bd5 Rb5 77. Bc4 Ra5 78. Kf2 Ra1
79. Kg2 Ne6 80. Bd5 Ra3 81. Bf3 Ng7 82. Ne5 Ke6 83. Ng6 Kd6 84. Ne5 Ra7 85. Kf2
Kc5 86. Ke3 Ne6 87. Be2 Ra3+ 88. Bd3 Kd5 89. Nd7 Kd6 90. Ne5 Ke7 91. Ng6+ Kf6
92. Ke2 Ng7 0-1

[Event "Transnational Crown"]
[Site "Montreal CAN"]
[Date "2023.06.10"]
[Round "7.7"]
[White "Bruzon Batista, Lazaro"]
[Black "Roussel-Roozmon, Thomas"]
[Result "1-0"]
[WhiteElo "2617"]
[BlackElo "2462"]
[PlyCount "95"]
[EventDate "2023.06.06"]
[EventType "swiss"]
[EventRounds "9"]
[EventCountry "CAN"]

1. e4 e5 2. Nf3 Nc6 3. Bb5 Nf6 4. d3 Bc5 5. c3 d5 6. Nbd2 dxe4 7. dxe4 O-O 8.
O-O a5 9. h3 Qe7 10. a4 Rd8 11. Qc2 Nb8 12. Re1 Nbd7 13. Nh4 g6 14. Nb3 Bb6 15.
Bg5 Nf8 16. Nf3 Ne6 17. Bh6 c6 18. Bc4 Bc7 19. Nc1 Ne8 20. Nd3 f6 21. Rad1 Kh8
22. Ba2 N6g7 23. Nd2 Be6 24. Bxe6 Nxe6 25. Be3 Nd6 26. b4 Kg7 27. bxa5 Rxa5 28.
c4 Nf7 29. c5 Raa8 30. Nf3 Ba5 31. Re2 Rd7 32. Rb1 Rad8 33. Rb3 Nc7 34. g3 Na6
35. Qc4 Re8 36. Reb2 Red8 37. Kg2 Rc8 38. Nc1 Nd8 39. g4 Ne6 40. Nd3 g5 41. h4
h6 42. Rxb7 Rxb7 43. Rxb7 Qxb7 44. Qxe6 Nb4 45. Ndxe5 Nc2 46. Nd7 Nxe3+ 47.
fxe3 Bd8 48. Nd4 1-0

[Event "Transnational Crown"]
[Site "Montreal CAN"]
[Date "2023.06.11"]
[Round "8.14"]
[White "Sambuev, Bator"]
[Black "Roussel-Roozmon, Thomas"]
[Result "1-0"]
[WhiteElo "2448"]
[BlackElo "2462"]
[PlyCount "95"]
[EventDate "2023.06.06"]
[EventType "swiss"]
[EventRounds "9"]
[EventCountry "CAN"]

1. d4 Nf6 2. c4 e6 3. Nc3 d5 4. Bg5 Nbd7 5. e3 c6 6. Qc2 Qa5 7. Bh4 Bb4 8. a3
c5 9. Rc1 Bxc3+ 10. Qxc3 Qxc3+ 11. bxc3 dxc4 12. Bxc4 O-O 13. f3 Nb6 14. Ba2
Bd7 15. Ne2 Rfc8 16. Kf2 Bb5 17. c4 Ba6 18. d5 exd5 19. Bxf6 gxf6 20. cxd5 Bxe2
21. Kxe2 c4 22. e4 f5 23. Ke3 fxe4 24. fxe4 f5 25. exf5 Nxd5+ 26. Kd4 Nb6 27.
Bxc4+ Rxc4+ 28. Rxc4 Rd8+ 29. Kc3 Nxc4 30. Kxc4 Rd2 31. g4 Rg2 32. Kd5 Rxg4 33.
Rc1 Kg7 34. Ke5 Ra4 35. Rc7+ Kh6 36. Rc3 Kg7 37. Rb3 Kf8 38. Rxb7 Rxa3 39. Rxh7
Kg8 40. Rc7 Ra6 41. h4 Rh6 42. Rc4 Kf7 43. Rb4 a5 44. Rb7+ Kf8 45. h5 Rxh5 46.
Ke6 Rh1 47. Rb8+ Kg7 48. f6+ 1-0

[Event "Transnational Crown"]
[Site "Montreal CAN"]
[Date "2023.06.11"]
[Round "9.15"]
[White "Roussel-Roozmon, Thomas"]
[Black "Hua, Eugene"]
[Result "1/2-1/2"]
[WhiteElo "2462"]
[BlackElo "2275"]
[PlyCount "226"]
[EventDate "2023.06.06"]
[EventType "swiss"]
[EventRounds "9"]
[EventCountry "CAN"]

1. d4 Nf6 2. c4 e6 3. Nf3 b6 4. g3 Bb7 5. Bg2 Bb4+ 6. Bd2 Qe7 7. O-O O-O 8. Bg5
h6 9. Bxf6 Qxf6 10. a3 Be7 11. Nc3 d6 12. e4 Rd8 13. Qe2 e5 14. Nd5 Bxd5 15.
cxd5 exd4 16. Rac1 d3 17. Qd2 a5 18. Rxc7 Na6 19. Rc6 a4 20. e5 Qf5 21. exd6
Bf6 22. Rxb6 Nc5 23. Rd1 Rab8 24. Qb4 Rxb6 25. Qxb6 Qxd5 26. Nd2 Qxd6 27. Qxd6
Rxd6 28. Ne4 Nxe4 29. Bxe4 d2 30. Bc2 Bxb2 31. Bxa4 Bxa3 32. Kf1 Bc1 33. h4 Kf8
34. Ke2 Ke7 35. Bb3 f6 36. h5 Kd7 37. Ke3 Kc6 38. Ke4 Kc5 39. Kf5 Kb4 40. Bc2
Kc3 41. Be4 Rd4 42. Bf3 Kc2 43. Kg6 Rd7 44. Rh1 Re7 45. Bd1+ Kc3 46. Rh4 Re1
47. Bf3 Rf1 48. Rh2 d1=Q 49. Bxd1 Rxd1 50. Kxg7 f5 51. f4 Rd6 52. Re2 Kd3 53.
Re8 Be3 54. Kh7 Bf2 55. Rg8 Ke4 56. Rg6 Rd3 57. g4 fxg4 58. Rxg4 Kf5 59. Rg6
Rd8 60. Kxh6 Be3 61. Rg5+ Kxf4 62. Ra5 Kg4+ 63. Kg6 Rd6+ 64. Kf7 Bg5 65. Ra2
Kxh5 66. Rg2 Kh4 67. Rg1 Bf4 68. Ke7 Ra6 69. Kd7 Bg3 70. Ke7 Kg4 71. Kd7 Kf4
72. Rf1+ Ke5 73. Rf7 Kd5 74. Rf5+ Be5 75. Rf7 Rb6 76. Ke7 Rc6 77. Kd7 Rc7+ 78.
Ke8 Rc8+ 79. Kd7 Ra8 80. Ke7 Bd6+ 81. Kf6 Ra1 82. Kf5 Rg1 83. Rf6 Rg7 84. Rg6
Rh7 85. Kg4 Ke5 86. Rg5+ Ke4 87. Rg8 Be5 88. Rg5 Rh8 89. Rg6 Rh1 90. Kg5 Rg1+
91. Kh5 Ra1 92. Kg4 Ra5 93. Rg8 Ra6 94. Kg5 Bf4+ 95. Kg4 Re6 96. Rg7 Be3 97.
Rg8 Re7 98. Rg6 Re8 99. Rg7 Bd4 100. Rg6 Ra8 101. Re6+ Be5 102. Rg6 Ra3 103.
Kg5 Rh3 104. Kg4 Rh8 105. Kg5 Bf4+ 106. Kg4 Rh2 107. Re6+ Kd5 108. Rg6 Ke5 109.
Kf3 Rh3+ 110. Ke2 Kf5 111. Rg2 Ke4 112. Kf2 Rh2 113. Rxh2 Bxh2 1/2-1/2

[Event "Carnaval"]
[Site "Quebec CAN"]
[Date "2023.02.10"]
[Round "1"]
[White "Roussel-Roozmon, Thomas"]
[Black "Drolet, Stephane"]
[Result "1-0"]
[WhiteElo "2508"]
[BlackElo "2129"]
[PlyCount "59"]
[EventDate "2023.02.10"]
[EventType "swiss"]
[EventRounds "5"]
[EventCountry "CAN"]

1. d4 d5 2. Nf3 Nf6 3. c4 c6 4. e3 Bf5 5. Nc3 e6 6. Nh4 Be4 7. f3 Bg6 8. Qb3
Qc7 9. Bd2 Be7 10. g3 Nbd7 11. Be2 dxc4 12. Qxc4 Nd5 13. Nxg6 hxg6 14. Kf2 N5b6
15. Qb3 e5 16. dxe5 Qxe5 17. Rad1 Nc5 18. Qc2 g5 19. Bc1 O-O 20. f4 Qc7 21. b4
Ncd7 22. Nb5 Qb8 23. Nd4 Bxb4 24. h4 g4 25. Bxg4 Nf6 26. Bf3 Rd8 27. h5 c5 28.
Nf5 c4 29. h6 g6 30. Qb2 1-0

[Event "Carnaval"]
[Site "Quebec CAN"]
[Date "2023.02.11"]
[Round "2"]
[White "Migot, Tangi"]
[Black "Roussel-Roozmon, Thomas"]
[Result "1/2-1/2"]
[WhiteElo "2386"]
[BlackElo "2508"]
[PlyCount "62"]
[EventDate "2023.02.10"]
[EventType "swiss"]
[EventRounds "5"]
[EventCountry "CAN"]

1. e4 e5 2. Nf3 Nc6 3. Bc4 Bc5 4. c3 Nf6 5. d3 a6 6. a4 d6 7. O-O Ba7 8. Re1 h6
9. Nbd2 O-O 10. h3 Re8 11. b4 Be6 12. Bxe6 Rxe6 13. Nb3 Re8 14. Qc2 Qd7 15. Bd2
Ne7 16. d4 Ng6 17. Be3 exd4 18. Bxd4 Bxd4 19. cxd4 Qc6 20. Qxc6 bxc6 21. Na5
Nxe4 22. Nxc6 Nf4 23. Ra3 Nd5 24. Rc1 Kf8 25. Rb3 Nef6 26. Kf1 Ne7 27. Nd2 Nxc6
28. Rxc6 Nd5 29. Nc4 Ke7 30. Ne3 Kd7 31. Rc1 Nxe3+ 1/2-1/2

[Event "Carnaval"]
[Site "Quebec CAN"]
[Date "2023.02.11"]
[Round "3"]
[White "Roussel-Roozmon, Thomas"]
[Black "Rodrigue-Lemieux, Shawn"]
[Result "1/2-1/2"]
[WhiteElo "2508"]
[BlackElo "2510"]
[PlyCount "73"]
[EventDate "2023.02.10"]
[EventType "swiss"]
[EventRounds "5"]
[EventCountry "CAN"]

1. Nf3 Nf6 2. g3 d5 3. Bg2 e6 4. c4 Be7 5. d4 O-O 6. Nc3 dxc4 7. Ne5 Nc6 8.
Bxc6 bxc6 9. Nxc6 Qe8 10. Nxe7+ Qxe7 11. Qa4 c5 12. dxc5 Qxc5 13. Be3 Qc7 14.
Rd1 Bb7 15. f3 Nd5 16. Bf2 Rfd8 17. O-O Qc6 18. Qa5 Qa6 19. Qxa6 Bxa6 20. Nxd5
Rxd5 21. Rxd5 exd5 22. Rc1 f6 23. Bd4 Bb5 24. Kf2 a5 25. g4 a4 26. a3 Re8 27.
e3 Kf7 28. Rg1 h6 29. h4 Bd7 30. Ke2 h5 31. g5 Bf5 32. gxf6 gxf6 33. Kd2 Rb8
34. Bc3 Bd3 35. Bb4 Rg8 36. Rxg8 Kxg8 37. Be7 1/2-1/2

[Event "Carnaval"]
[Site "Quebec CAN"]
[Date "2023.02.11"]
[Round "4"]
[White "Roussel-Roozmon, Thomas"]
[Black "Adam, Rafael"]
[Result "1-0"]
[WhiteElo "2508"]
[BlackElo "2179"]
[PlyCount "61"]
[EventDate "2023.02.10"]
[EventType "swiss"]
[EventRounds "5"]
[EventCountry "CAN"]

1. d4 Nf6 2. c4 e6 3. Nf3 Bb4+ 4. Bd2 Qe7 5. e3 O-O 6. Bd3 Bxd2+ 7. Qxd2 d5 8.
cxd5 exd5 9. Nc3 c6 10. Qc2 Nbd7 11. O-O Re8 12. Rab1 a5 13. Nd2 Nf8 14. Na4
Qd6 15. Rfc1 Ne6 16. Nf3 g6 17. a3 Nd7 18. b4 axb4 19. axb4 b5 20. Nc5 Ndxc5
21. dxc5 Qc7 22. Ra1 Bd7 23. Qb2 Qb7 24. h4 Ng7 25. Qf6 Be6 26. Qf4 Qb8 27.
Qxb8 Rexb8 28. Ne5 Rxa1 29. Rxa1 Rc8 30. Ra6 Bf5 31. Nxc6 1-0

[Event "Carnaval"]
[Site "Quebec CAN"]
[Date "2023.02.12"]
[Round "5"]
[White "Duong, Thanh Nha"]
[Black "Roussel-Roozmon, Thomas"]
[Result "0-1"]
[WhiteElo "2238"]
[BlackElo "2508"]
[PlyCount "122"]
[EventDate "2023.02.10"]
[EventType "swiss"]
[EventRounds "5"]
[EventCountry "CAN"]

1. e4 c5 2. Nf3 e6 3. c3 Nf6 4. Bd3 d5 5. e5 Nfd7 6. O-O Nc6 7. Re1 g5 8. h3 h5
9. g4 hxg4 10. hxg4 a6 11. Bf1 d4 12. d3 Rg8 13. Nbd2 Qc7 14. Qe2 b6 15. cxd4
cxd4 16. Nb3 Bb7 17. Bd2 Bg7 18. Rac1 Qb8 19. Bg2 Ncxe5 20. Nbxd4 Nxf3+ 21.
Nxf3 Bf6 22. Bb4 Rh8 23. Kf1 Bd5 24. Bc3 Qb7 25. Qe3 Rd8 26. Rc2 Bxc3 27. Rxc3
Nf6 28. Rec1 Nxg4 29. Qd4 Nh2+ 30. Kg1 Nxf3+ 31. Bxf3 Rh7 32. Bxd5 Qxd5 33.
Qxd5 Rxd5 34. Rc6 Rb5 35. b3 Rh4 36. Rd6 Ke7 37. Rcc6 Rhb4 38. a4 Rd5 39. Rxd5
exd5 40. a5 bxa5 41. Rxa6 Rxb3 42. Rxa5 Rxd3 43. Kf1 Ke6 44. Ke2 Rb3 45. Ra8
Ke5 46. Re8+ Kf4 47. Rd8 Rb2+ 48. Ke1 Rb5 49. Ke2 g4 50. Ra8 Rb2+ 51. Kf1 d4
52. Ra3 f5 53. Kg2 Ke4 54. Kg3 f4+ 55. Kxg4 Rxf2 56. Ra8 Rg2+ 57. Kh3 Rg7 58.
Kh2 d3 59. Re8+ Kf3 60. Rd8 Ke2 61. Re8+ Kf2 0-1

[Event "New York GM-A"]
[Site "New York USA"]
[Date "2021.11.10"]
[Round "1.3"]
[White "Roussel-Roozmon, Thomas"]
[Black "Ostrovskiy, Aleksandr"]
[Result "1/2-1/2"]
[WhiteElo "2471"]
[BlackElo "2388"]
[PlyCount "55"]
[EventDate "2021.11.10"]
[EventType "tourn"]
[EventRounds "9"]
[EventCountry "USA"]
[EventCategory "8"]
[Source "ChessMix"]
[SourceDate "2021.11.20"]

1. Nf3 d5 2. e3 Nf6 3. c4 e6 4. b3 b6 5. Bb2 Bb7 6. Nc3 Nbd7 7. cxd5 exd5 8.
Rc1 a6 9. Ne2 c5 10. g3 Bd6 11. Bg2 O-O 12. d4 Qe7 13. O-O Rad8 14. Nf4 g6 15.
Qc2 Rc8 16. dxc5 bxc5 17. Rfe1 Rfd8 18. h4 Ne4 19. Nd2 Be5 20. Bxe5 Nxe5 21.
Nxe4 dxe4 22. Bxe4 Rd2 23. Qxd2 Bxe4 24. Kf1 Nf3 25. Qc3 Nh2+ 26. Kg1 Nf3+ 27.
Kf1 Nh2+ 28. Kg1 1/2-1/2

[Event "New York GM-A"]
[Site "New York USA"]
[Date "2021.11.11"]
[Round "2.4"]
[White "Yudasin, Leonid"]
[Black "Roussel-Roozmon, Thomas"]
[Result "1/2-1/2"]
[WhiteElo "2464"]
[BlackElo "2471"]
[PlyCount "40"]
[EventDate "2021.11.10"]
[EventType "tourn"]
[EventRounds "9"]
[EventCountry "USA"]
[EventCategory "8"]
[Source "ChessMix"]
[SourceDate "2021.11.20"]

1. e4 e5 2. Nf3 Nc6 3. Bb5 a6 4. Ba4 Nf6 5. d3 b5 6. Bb3 Bc5 7. O-O d6 8. c3 h6
9. a4 Rb8 10. axb5 axb5 11. d4 Bb6 12. dxe5 Nxe5 13. Nxe5 dxe5 14. Qe2 O-O 15.
Be3 Qe7 16. Nd2 Bxe3 17. Qxe3 c5 18. f3 c4 19. Bc2 Be6 20. b3 cxb3 1/2-1/2

[Event "New York GM-A"]
[Site "New York USA"]
[Date "2021.11.11"]
[Round "3.2"]
[White "Roussel-Roozmon, Thomas"]
[Black "Tian, Eddy"]
[Result "1-0"]
[WhiteElo "2471"]
[BlackElo "2413"]
[PlyCount "79"]
[EventDate "2021.11.10"]
[EventType "tourn"]
[EventRounds "9"]
[EventCountry "USA"]
[EventCategory "8"]
[Source "ChessMix"]
[SourceDate "2021.11.20"]

1. Nf3 d5 2. g3 g6 3. Bg2 Bg7 4. d4 Nf6 5. c4 c6 6. Qb3 O-O 7. Nc3 Qb6 8. O-O
dxc4 9. Qxc4 Be6 10. Qa4 Rd8 11. e4 Bg4 12. Be3 Qxb2 13. Rfc1 Qb6 14. Rab1 Qc7
15. Qb3 b6 16. Ng5 e6 17. h3 h6 18. e5 Ne8 19. Nb5 Qe7 20. Nxf7 Kxf7 21. hxg4
Qd7 22. f4 a6 23. Nc3 b5 24. f5 Nc7 25. Ne4 a5 26. Nc5 Qc8 27. Nxe6 Nxe6 28.
Qxe6+ Qxe6 29. fxe6+ Kxe6 30. Bxc6 Nxc6 31. Rxc6+ Kd5 32. Rxg6 Bf8 33. Rxb5+
Ke4 34. Bf2 Rac8 35. Rxa5 Rc1+ 36. Kg2 Rc2 37. Rf6 Bb4 38. Rf4+ Kd3 39. Rb5 Rc4
40. a4 1-0

[Event "New York GM-A"]
[Site "New York USA"]
[Date "2021.11.12"]
[Round "4.5"]
[White "Liang, Jason"]
[Black "Roussel-Roozmon, Thomas"]
[Result "1-0"]
[WhiteElo "2408"]
[BlackElo "2471"]
[PlyCount "117"]
[EventDate "2021.11.10"]
[EventType "tourn"]
[EventRounds "9"]
[EventCountry "USA"]
[EventCategory "8"]
[Source "ChessMix"]
[SourceDate "2021.11.20"]

1. e4 e5 2. Nf3 Nc6 3. Bc4 Bc5 4. c3 Nf6 5. d3 d6 6. Nbd2 a5 7. O-O O-O 8. h3
h6 9. Re1 Be6 10. Bb5 Qb8 11. Bxc6 bxc6 12. d4 exd4 13. cxd4 Bb4 14. a3 Bxd2
15. Qxd2 Qb5 16. a4 Qh5 17. Ra3 Rfb8 18. Qc2 Bd7 19. Rae3 Re8 20. Nd2 Qg6 21.
Qd1 Re7 22. b3 Rae8 23. Qf3 Nh7 24. Kh2 Ng5 25. Qg3 Ne6 26. Bb2 Qxg3+ 27. Kxg3
Ng5 28. Bc3 Ra8 29. Nc4 d5 30. exd5 Rxe3+ 31. Rxe3 cxd5 32. Ne5 Be8 33. f3 Ne6
34. Nd3 Bc6 35. Nf4 Nxf4 36. Kxf4 Ra7 37. h4 Bd7 38. Bd2 Be6 39. g4 Kf8 40. Rc3
Rb7 41. Ke3 Ke8 42. Kd3 Kd7 43. Kc2 f5 44. g5 hxg5 45. hxg5 f4 46. Bxf4 Bf5+
47. Kb2 c6 48. Rc5 Bd3 49. Kc3 Be2 50. Rxa5 Bxf3 51. b4 Be2 52. Ra8 Bc4 53. a5
Ke6 54. a6 Rf7 55. a7 Kf5 56. Bc7 Kg4 57. Re8 Rf3+ 58. Kd2 Rf2+ 59. Kd1 1-0

[Event "New York GM-A"]
[Site "New York USA"]
[Date "2021.11.12"]
[Round "5.1"]
[White "Roussel-Roozmon, Thomas"]
[Black "Stremavicius, Titas"]
[Result "0-1"]
[WhiteElo "2471"]
[BlackElo "2500"]
[PlyCount "134"]
[EventDate "2021.11.10"]
[EventType "tourn"]
[EventRounds "9"]
[EventCountry "USA"]
[EventCategory "8"]
[Source "ChessMix"]
[SourceDate "2021.11.20"]

1. Nf3 d5 2. g3 Nf6 3. Bg2 e6 4. O-O b5 5. a4 b4 6. c4 bxc3 7. bxc3 Be7 8. c4
c6 9. d3 O-O 10. Bf4 Ba6 11. Qc2 Bd6 12. Bxd6 Qxd6 13. cxd5 cxd5 14. Rc1 h6 15.
Qc7 Qxc7 16. Rxc7 Rc8 17. Rxc8+ Bxc8 18. Nd4 Bd7 19. Nc3 Nc6 20. Nxc6 Bxc6 21.
e4 Rb8 22. exd5 exd5 23. a5 Kf8 24. Nd1 Ke7 25. Ne3 g6 26. Kf1 Rb3 27. Ke2 Bb5
28. Rd1 Kd6 29. h4 Ne4 30. Nxd5 Rb2+ 31. Ke3 Nxf2 32. Rd2 Rxd2 33. Kxd2 Nxd3
34. Nc3 Bc4 35. Ne4+ Ke5 36. Kc3 Ba6 37. Nd2 Nc5 38. Nc4+ Kf5 39. Bh3+ Kf6 40.
Bg2 Ne6 41. Bd5 h5 42. Kb4 Nd4 43. Nd6 Ne2 44. Nxf7 Nxg3 45. Nd8 Ke7 46. Ne6
Kd6 47. Bb3 Nf5 48. Nf4 Nxh4 49. Bd1 Ke5 50. Nxh5 gxh5 51. Bxh5 Kd4 52. Be8 Nf5
53. Bb5 Bc8 54. Be2 Nd6 55. Bf1 Bd7 56. Be2 Ne4 57. Bf1 Nc3 58. Bc4 Bc6 59. Be6
Ne4 60. Bc4 Bd5 61. Bf1 Nc3 62. Bh3 Bc4 63. Bg2 Na2+ 64. Ka3 Kc3 65. Bf1 Nb4
66. Bg2 Nc2+ 67. Ka4 a6 0-1

[Event "New York GM-A"]
[Site "New York USA"]
[Date "2021.11.13"]
[Round "6.5"]
[White "Roussel-Roozmon, Thomas"]
[Black "Griffith, Kyron"]
[Result "1/2-1/2"]
[WhiteElo "2471"]
[BlackElo "2383"]
[PlyCount "58"]
[EventDate "2021.11.10"]
[EventType "tourn"]
[EventRounds "9"]
[EventCountry "USA"]
[EventCategory "8"]
[Source "ChessMix"]
[SourceDate "2021.11.20"]

1. Nf3 Nf6 2. g3 d5 3. Bg2 e6 4. c4 dxc4 5. Qa4+ Bd7 6. Qxc4 c5 7. Ne5 Qc8 8.
Qd3 Nc6 9. Nxd7 Nxd7 10. Nc3 Be7 11. Qb5 Nd4 12. Qxb7 Qxb7 13. Bxb7 Rb8 14. Be4
f5 15. Bb1 c4 16. e3 Nc6 17. d4 cxd3 18. Bxd3 Nb4 19. Ke2 Nxd3 20. Kxd3 Bf6 21.
Kc2 Nc5 22. Rd1 Ke7 23. Bd2 Rhc8 24. Be1 Rb7 25. f3 Na4 26. Rab1 Rbc7 27. Rd3
Nc5 28. Rdd1 Na4 29. Rd3 Nc5 1/2-1/2

[Event "New York GM-A"]
[Site "New York USA"]
[Date "2021.11.13"]
[Round "7.2"]
[White "Kaliksteyn, Alexander"]
[Black "Roussel-Roozmon, Thomas"]
[Result "0-1"]
[WhiteElo "2391"]
[BlackElo "2471"]
[PlyCount "72"]
[EventDate "2021.11.10"]
[EventType "tourn"]
[EventRounds "9"]
[EventCountry "USA"]
[EventCategory "8"]
[Source "ChessMix"]
[SourceDate "2021.11.20"]

1. d4 Nf6 2. Nf3 d5 3. c3 c5 4. dxc5 e6 5. b4 a5 6. e3 axb4 7. cxb4 b6 8. Bb5+
Bd7 9. Bxd7+ Nbxd7 10. a4 bxc5 11. b5 Bd6 12. Bb2 O-O 13. O-O Bc7 14. Nbd2 Qe7
15. Qc2 Ra7 16. Ra3 Rfa8 17. Rfa1 Ne8 18. e4 h6 19. Qd3 Nef6 20. Qe2 Qd8 21. e5
Nh7 22. Nb3 Qb8 23. h4 Nhf8 24. Qc2 Qb6 25. Nfd4 cxd4 26. Bxd4 Qb8 27. Bxa7
Qxa7 28. a5 Bxe5 29. Rb1 Nb6 30. Nd2 Nfd7 31. Rbb3 Nc8 32. b6 Qb7 33. Ra2 Ne7
34. Rb1 Bd6 35. Nb3 Nc6 36. a6 Qxb6 0-1

[Event "New York GM-A"]
[Site "New York USA"]
[Date "2021.11.14"]
[Round "8.4"]
[White "Roussel-Roozmon, Thomas"]
[Black "Guo, Arthur"]
[Result "1/2-1/2"]
[WhiteElo "2471"]
[BlackElo "2422"]
[PlyCount "122"]
[EventDate "2021.11.10"]
[EventType "tourn"]
[EventRounds "9"]
[EventCountry "USA"]
[EventCategory "8"]
[Source "ChessMix"]
[SourceDate "2021.11.20"]

1. Nf3 Nf6 2. c4 e6 3. Nc3 d5 4. d4 a6 5. c5 b6 6. cxb6 cxb6 7. Bf4 Bd6 8. Bxd6
Qxd6 9. e3 O-O 10. Bd3 Nbd7 11. O-O Bb7 12. Qb3 b5 13. Rfc1 e5 14. dxe5 Nxe5
15. Nxe5 Qxe5 16. Qb4 Rfc8 17. Qd4 Qxd4 18. exd4 Ne4 19. Ne2 Nd6 20. f3 f6 21.
Rc5 Rxc5 22. dxc5 Nc4 23. b3 Ne5 24. Bf5 Bc8 25. Bc2 b4 26. Nd4 Bb7 27. f4 Nc6
28. Nf5 Bc8 29. Rd1 Be6 30. Nd6 g6 31. f5 gxf5 32. Nxf5 Ra7 33. Nd6 Rc7 34. Ne8
Rf7 35. Rf1 Nd4 36. Bd3 f5 37. Rf4 Nc6 38. Nd6 Rc7 39. Bxa6 Ne7 40. Rxb4 Rxc5
41. Bd3 Rc3 42. Rb7 Kf8 43. Bf1 d4 44. Nb5 Rc1 45. Nxd4 Bd5 46. Rb8+ Kg7 47.
Kf2 Rd1 48. Ne2 Rd2 49. a4 Rb2 50. a5 Nc6 51. Rb7+ Kf6 52. a6 Nd4 53. Rb6+ Ke5
54. Ke3 f4+ 55. Kf2 Bc4 56. Rb8 Bxa6 57. Re8+ Kf5 58. Rf8+ Kg6 59. Re8 Bxe2 60.
Bxe2 Nxe2 61. Rxe2 Rxb3 1/2-1/2